Fire safety's new order (Record no. 76271)

MARC details
000 -LEADER
fixed length control field 01206cab a2200217 4500
001 - CONTROL NUMBER
control field ##L131772
008 - FIXED-LENGTH DATA ELEMENTS--GENERAL INFORMATION
fixed length control field 051207n2005 000 0 eng u
035 ## - SYSTEM CONTROL NUMBER
System control number (Sirsi) u131772
041 0# - LANGUAGE CODE
Language code of text/sound track or separate title eng
100 1# - MAIN ENTRY--PERSONAL NAME
Personal name Ponting, Lucinda
245 00 - TITLE STATEMENT
Title Fire safety's new order
260 ## - PUBLICATION, DISTRIBUTION, ETC.
Date of publication, distribution, etc. 2005
490 #0 - SERIES STATEMENT
Series statement Health and Safety Bulletin
Volume/sequential designation 344 December 2005, 25-28(4)
520 ## - SUMMARY, ETC.
Summary, etc. Outlines the main provisions of the Regulatory Reform (Fire Safety) Order 2005, which comes into effect on 1 April 2006. The Order creates a single fire safety regime that applies to all non-domestic premises, and places responsibility for fire safety on the employer or person responsible for the premises. Greater emphasis is placed on fire prevention and precautions, and a more risk-based approach is introduced. The Fire Precautions Act 1971 and the Fire Precautions (Workplace) Regulations 1997 are repealed, together with many other pieces of workplace fire legislation.
590 ## - LOCAL NOTE (RLIN)
Local note IKA030106
650 24 - SUBJECT ADDED ENTRY--TOPICAL TERM
Topical term or geographic name entry element REGULATORY REFORM (FIRE SAFETY) ORDER 2005
650 24 - SUBJECT ADDED ENTRY--TOPICAL TERM
Topical term or geographic name entry element FIRE PRECAUTIONS ACT 1971
650 24 - SUBJECT ADDED ENTRY--TOPICAL TERM
Topical term or geographic name entry element FIRE PRECAUTIONS (WORKPLACE) REGULATIONS 1997
690 ## - LOCAL SUBJECT ADDED ENTRY--TOPICAL TERM (OCLC, RLIN)
Topical term or geographic name as entry element MANAGEMENT-HEALTH AND SAFETY-FIRE SAFETY
942 ## - ADDED ENTRY ELEMENTS (KOHA)
Suppress in OPAC 0
Holdings
Withdrawn status Lost status Source of classification or shelving scheme Damaged status Not for loan Home library Current library Shelving location Date acquired Total Checkouts Full call number Barcode Date last seen Copy number Price effective from Koha item type
    Dewey Decimal Classification     London London Journal article 07/12/2005   L131772 131772-1001 06/08/2019 1 06/08/2019 Journal article